000
00306nam a2200133Ia 4500
008
191201s2011 xx 000 0 und d
082
_a
004.22
_b
RAC
100
_a
RAO, PVS
245
0
_a
Computer Systems Architecture
250
_a
2nd
260
_c
2011
_b
PHI
_a
NEW DELHI
300
_a
500
942
_2
ddc
_c
BK
999
_c
7863
_d
7863